000 01303cam a22002894a 4500
001 739761
005 20011115154057.0
008 990107s1999 mnua b 001 0 eng
010 _a 99010518
020 _a0800630742 (alk. paper)
040 _aDLC
_cDLC
_dDLC
042 _apcc
050 0 0 _aBS1192.5
_b.A53 1999
100 1 _aAnderson, Bernhard W.
245 1 0 _aContours of Old Testament theology /
_cBernhard W. Anderson ; with the assistance of Steven Bishop.
260 _aMinneapolis, MN :
_bFortress Press,
_cc1999.
300 _aix, 358 p. :
_bill. ;
_c24 cm.
504 _aIncludes bibliographical references and indexes.
630 0 0 _aBible.
_pO.T.
_xTheology.
700 1 _aBishop, Steven.
906 _a7
_bcbc
_corignew
_d1
_eocip
_f19
_gy-gencatlg
942 _2lcc
_cBK
999 _c37428
_d37428